Libro blanco sobre las cárceles franquistas, 1939-1976 / (Record no. 148734)

MARC details
000 -LEADER
campo de control de longitud fija 00964nam a2200265 4500
001 - NÚMERO DE CONTROL
campo de control 148734
003 - IDENTIFICADOR DE NÚMERO DE CONTROL
campo de control ES-MaACL
005 - FECHA Y HORA DE LA ÚLTIMA TRANSACCIÓN
campo de control 20251002195933.0
007 - CAMPO FIJO DE DESCRIPCIÓN FÍSICA--INFORMACIÓN GENERAL
campo de control de longitud fija t|
008 - DATOS DE LONGITUD FIJA--INFORMACIÓN GENERAL
campo de control de longitud fija 070214s1976 fr r ||||1| spa d
100 1# - ENTRADA PRINCIPAL--NOMBRE DE PERSONA
Nombre de persona Suárez, Ángel,
Fechas asociadas al nombre 1933-1993
9 (RLIN) 171733
245 10 - MENCIÓN DEL TÍTULO
Título Libro blanco sobre las cárceles franquistas, 1939-1976 /
Mención de responsabilidad, etc. Ángel Suárez, Colectivo 36.
250 ## - MENCION DE EDICION
Mención de edición 1 ª ed.
260 ## - PUBLICACIÓN, DISTRIBUCIÓN, ETC.
Lugar de publicación, distribución, etc. Paris :
Nombre del editor, distribuidor, etc. Ruedo Ibérico,
Fecha de publicación, distribución, etc. 1976.
300 ## - DESCRIPCIÓN FÍSICA
Extensión VII, 312 p., [16] p. de lám. :
Otras características físicas il. ;
Dimensiones 24 cm.
504 ## - NOTA DE BIBLIOGRAFÍA, ETC.
Nota de bibliografía, etc. Bibliografía: p. [310]-312.
593 ## -
-- Ángel Suárez es seudónimo de Luciano Rincón Vega.
650 #4 - PUNTO DE ACCESO ADICIONAL DE MATERIA--TÉRMINO DE MATERIA
Término de materia o nombre geográfico como elemento de entrada Establecimientos penitenciarios-
Subdivisión geográfica España-
Subdivisión cronológica 1939-1975.
9 (RLIN) 12515
650 #4 - PUNTO DE ACCESO ADICIONAL DE MATERIA--TÉRMINO DE MATERIA
Término de materia o nombre geográfico como elemento de entrada Presos políticos-
Subdivisión geográfica España-
Subdivisión cronológica 1939-1975.
9 (RLIN) 16394
700 1# - ENTRADA AGREGADA--NOMBRE PERSONAL
Nombre de persona Rincón, Luciano,
Fechas asociadas al nombre 1933-1993
9 (RLIN) 171727
710 2# - ENTRADA AGREGADA--NOMBRE DE ENTIDAD CORPORATIVA
Nombre de entidad corporativa o nombre de jurisdicción como elemento de entrada Colectivo 36.
9 (RLIN) 171728
710 2# - ENTRADA AGREGADA--NOMBRE DE ENTIDAD CORPORATIVA
Nombre de entidad corporativa o nombre de jurisdicción como elemento de entrada Éditions Ruedo ibérico.
9 (RLIN) 145333
852 ## - LOCALIZACIÓN
Ubicación ES-MaACL
Número de control de estantería L-3074
Holdings
Estatus retirado Estado de pérdida Estado de daño No para préstamo Biblioteca de origen Biblioteca actual Ubicación en estantería Fecha de adquisición Fuente de adquisición Total de préstamos Signatura topográfica completa Código de barras Visto por última vez Precio de reemplazo Tipo de ítem Koha
        Biblioteca del Ateneo de Madrid Biblioteca del Ateneo de Madrid Depósito 2 17/01/2008     L-3074 1155214 23/02/2023 23/02/2023 Libro impreso